Score 0/29 Timer 03:00
5 Plays Today
Hint 4-Letter Word % Correct
☕ Owner of the diner in Stars Hollow ☕
or gospel writer
LUKE
89.3%
☕ Stars Hollow's 'jack-of-all-trades' ☕
or USS Enterprise captain
KIRK
84.2%
☕ First boyfriend of [Rung 22] ☕
or cathedral dignitary
DEAN
82.4%
☕ Daughter in the 'Gilmore Girls' pair ☕
or golfer McIlroy
RORY
82.1%
Body of water surrounded by landLAKE
81.9%
Not lightDARK
81.6%
Hit with the footKICK
79.3%
Touch with the tongueLICK
78.9%
☕ [Rung 22]'s best friend ☕
or country road
LANE
78.9%
☕ Second boyfriend of [Rung 22] ☕
or 'New Girl' girl
JESS
78.8%
Brother of Monica in FriendsROSS
75.8%
Worst finishLAST
73.2%
Hang around in the shadowsLURK
71.1%
Gambling assetLUCK
68.7%
Fish tempterLURE
67.8%
Hint 4-Letter Word % Correct
☕ Husband of [Rung 26] ☕
or 'The Suite Life of ___ and Cody'
ZACK
67.5%
Short daggerDIRK
64.8%
Delicate fabricLACE
63%
Not have enough ofLACK
62.6%
Mild exclamationDARN
61.7%
Emit coherent lightLASE
61%
Whedon who created 'Buffy the Vampire Slayer'JOSS
60.2%
Colored pink or redROSY
58.7%
Laura of 'Jurassic Park'DERN
57.5%
Humor or a prankJEST
55.7%
In order to preventLEST
50.4%
Folk mythologyLORE
50.4%
Like a famous rangerLONE
48.6%
Australian parrotLORY
41%

Today's Daily Dose

Remove Ads.
Support Sporcle.
Get the best of Sporcle when you Go Orange. This ad-free experience offers more features, more stats, and more fun while also helping to support Sporcle. Thank you for becoming a member.

You're not logged in!

Compare scores with friends on all Sporcle quizzes.
OR
Log In

Show Comments

Extras

Top Quizzes Today


Score Distribution

Your Account Isn't Verified!

In order to create a playlist on Sporcle, you need to verify the email address you used during registration. Go to your Sporcle Settings to finish the process.

Report this User

Report this user for behavior that violates our Community Guidelines.

Details: